• 首页
  • 本馆介绍
  • 公告通知
  • 最新文献
  • 馆藏检索
  • 电子资源
  • 读者导购
  • 参考咨询
  • 我的图书馆
  • 登录
  • 详细信息显示
  • 放入我的书架
  • 预约/预借图书
  • 作者相关作品
  • 分类相关作品
  • 丛书相关作品
  • 出版社相关作品

书目信息

  • 表格格式
  • 工作单格式
  • 卡片格式
题名:
爱因斯坦文集
    
 
作者: 爱因斯坦 著 ;范岱年 , 许良英 编译
分册: 第一卷  
出版信息: 北京   商务印书馆  1976
页数: 630页
开本: 20cm
丛书名:
单 册:
中图分类: N53
科图分类:
主题词: 物理学--文集 , 自然科学--文集
电子资源:
ISBN:
000 00792nam0 2200265 45
001 0176001751
005 20060327083243.70
010    @b精装@dCNY2.35
100    @a19951012d1976 em y0chiy0121 ea
101 1  @achi@cger
102    @aCN@b110000
105    @ay z 000yy
200 10 @a爱因斯坦文集@Aai yin si tan wen ji@h第一卷@f(德)爱因斯坦著@F(de)ai yin si tan zhu@g许良英,范岱年编译
210    @a北京@c商务印书馆@d1976
215    @a630页@c照片@d20cm
600  1 @a爱因斯坦@x物理学@x文集
606    @a物理学@x文集
606 0  @a自然科学@x文集
690    @aN53
701  1 @a爱因斯坦@Aai yin si tan@4著
702  0 @a范岱年@Afan dai nian@4编译
702  0 @a许良英@Axu liang ying@4编译
801  2 @aCN@bNLC@c20060327
801  0 @aCN@b广东省中山图书馆@c20040519
905    @dN53@e121:1
    
    爱因斯坦文集.第一卷/(德)爱因斯坦著/许良英,范岱年编译.-北京:商务印书馆,1976
    630页:照片;20cm
    
    
    ISBN (精装):CNY2.35
    
●
相关链接 在E读中查询图书 在五车中查询图书 在当当中查询图书 在豆瓣中查询图书


正题名:爱因斯坦文集     索取号:N53/121:1         预约/预借

序号 登录号 条形码 馆藏地/架位号 状态 备注
1 0099756   202239808   密集书库/ [索取号:N53/121:1] 在馆    
2 0099757   202239764   密集书库/ [索取号:N53/121:1] 在馆    
3 0167558   001201461   第三借阅区/ [索取号:N53/121:1] 在馆    
4 0167559   001201489   第二样本阅览室/ [索取号:N53/121:1] 在馆    
唐山师范学院图书馆 欢迎您!
大连网信软件有限公司© 版权所有